Angela Carter Bibliography - Statistics

General Stats
  • This quiz has been taken 6 times
  • The average score is 12 of 94
Answer Stats
Type Year Name % Correct
Novel 1969 Heroes and Villains
67%
Novel 1984 Nights at the Circus
67%
Short Story Collection 1979 The Bloody Chamber
67%
Short Story 1979 The Bloody Chamber
67%
Short Story 1979 The Company of Wolves
67%
Play 1985 The Company of Wolves
67%
Novel 1967 The Magic Toyshop
67%
Short Story 1979 Puss-in-Boots
50%
Play 1985 Puss in Boots
50%
Short Story 1979 The Courtship of Mr Lyon
50%
Short Story 1979 The Erl-King
50%
Short Story 1979 Wolf-Alice
50%
Short Story Collection 1985 Black Venus
33%
Short Story 1985 Black Venus
33%
Short Story Collection 1995 Burning Your Boats: The Collected Short Stories
33%
Short Story Collection 1974 Fireworks: Nine Profane Pieces
33%
Novel 1971 Love
33%
Novel 1968 Several Perceptions
33%
Novel 1972 The Infernal Desire Machines of Doctor Hoffman
33%
Short Story 1979 The Lady of the House of Love
33%
Novel 1977 The Passion of New Eve
33%
Short Story 1979 The Snow Child
33%
Novel 1991 Wise Children
33%
Short Story Collection 1993 American Ghosts and Old World Wonders
17%
Essay 1992 Amerika
17%
Essay Collection 1982 Nothing Sacred: Selected Writings
17%
Short Story 1974 Reflections
17%
Novel 1966 Shadow Dance
17%
Short Story 1974 The Executioner's Beautiful Daughter
17%
Non-Fiction Book 1978 The Sadeian Woman and the Ideology of Pornography
17%
Short Story 1979 The Tiger's Bride
17%
Short Story 1979 The Werewolf
17%
Short Story 1993 Alice in Prague; or, The Curious Room
0%
Short Story 1993 Ashputtle; or, The Mother's Ghost
0%
Short Story 1974 A Souvenir of Japan
0%
Short Story 1995 A Very, Very Great Lady and Her Son at Home
0%
Short Story 1995 A Victorian Fable (with Glossary)
0%
Play 1985 Come Unto These Yellow Sands
0%
Play Collection 1985 Come Unto These Yellow Sands: Four Radio Plays
0%
Children's Book 1979 Comic and Curious Cats
0%
Short Story 1974 Elegy for a Freelance
0%
Essay Collection 1992 Expletives Deleted: Selected Writings
0%
Poetry Collection 1966 Five Quiet Shouters
0%
Short Story 1974 Flesh and the Mirror
0%
Short Story 1993 Gun for the Devil
0%
Poem 2015 Hannabi
0%
Essay 1992 Home
0%
Short Story 1993 Impressions: The Wrightsman Magdalene
0%
Short Story 1993 In Pantoland
0%
Short Story 1993 John Ford's 'Tis Pity She's a Whore'
0%
Essay 1992 La Petite Difference
0%
Poem 1966 Life-Affirming Poem About Small, Pregnant White Cat
0%
Short Story 1993 Lizzie's Tiger
0%
Short Story 1974 Master
0%
Children's Book 1970 Miss Z, the Dark Young Lady
0%
Children's Book 1982 Moonshadow
0%
Poem 2015 Morning Glories
0%
Poem 1966 My Cat in Her First Spring
0%
Poem 2015 Only Lovers
0%
Poem 1966 On the Down
0%
Short Story 1985 Our Lady of the Massacre
0%
Short Story 1985 Overture and Incidental Music for A Midsummer Night's Dream
0%
Short Story 1974 Penetrating to the Heart of the Forest
0%
Short Story 1985 Peter and the Wolf
0%
Poem 1965 Poem for a Wedding Photograph
0%
Poem 1966 Poem for a Wedding Photograph
0%
Poem 1966 Poem for Robinson Crusoe
0%
Children's Book 2000 Sea-Cat and the Dragon Sea
0%
Essay Collection 1997 Shaking a Leg: Collected Journalism and Writings
0%
Essay 1992 Tell Me a Story
0%
Short Story 1983 The Bridegroom
0%
Short Story 1985 The Cabinet of Edgar Allan Poe
0%
Play Collection 1996 The Curious Room: Plays, Film Scripts and an Opera
0%
Children's Book 1970 The Donkey Prince
0%
Short Story 1985 The Fall River Axe Murders
0%
Short Story 1993 The Ghost Ships
0%
Poem 1966 The Horse of Love
0%
Short Story 1985 The Kiss
0%
Short Story 1985 The Kitchen Child
0%
Short Story 1974 The Loves of Lady Purple
0%
Short Story 1995 The Man Who Loved a Double Bass
0%
Short Story 1993 The Merchant of Shadows
0%
Short Story 1995 The Quilt Maker
0%
Short Story 1995 The Scarlet House
0%
Short Story 1974 The Smile of Winter
0%
Short Story 1995 The Snow Pavilion
0%
Poem 1966 Through the Looking Glass
0%
Essay 1992 Tomato Woman
0%
Poem 1966 Two Wives and a Widow
0%
Poetry Collection 1966 Unicorn
0%
Poem 1966 Unicorn
0%
Poetry Collection 2015 Unicorn: The Poetry of Angela Carter
0%
Play 1985 Vampirella
0%
Poem 1966 William the Dreamer's Vision of Nature
0%
No matching quizzes found
Score Distribution
Percent of People with Each Score
Percentile by Number Answered
Your Score History
You have not taken this quiz